Manažment znalostí a otvorené vzdelávanie celoživotné učenie sa; Učiaca sa organizácia

Bibliographic Details
Main Author: Morovič, Ján, 1945- (Author)
Format: Book
Language:Slovak
PhysicalDescription:75 s. grafy, sch. 21 cm
Published: Ružomberok Verbum [2011]
ISBN:9788080844394
Subjects:

MARC

LEADER 00000nam a2200000 a 4500
001 vtls010286662
003 SK-MaSNL
005 20260302011818.0
008 240315s2011 xo dl f 000 0 slo
015 |a SNBA2011/10-05465 
020 |a 9788080844394  |q (brož.) 
035 |a 69B0F153-FFE4-4947-8E27-F8ED447CEE2A 
035 |a urn:nbn:sk:snk-amji4u 
035 |a urn:nbn:sk:snk-am001yea 
040 |a SNK  |b slo  |c SNK  |e AACR2 
041 0 |a slo 
044 |a xo  |c SK 
072 7 |a 005  |x Manažment. Riadenie  |2 konspekt 
072 7 |a 37  |x Výchova a vzdelávanie  |2 konspekt 
080 |a 005.94  |2 2001 
080 |a 37.0-022.324  |2 2001 
080 |a (048.8)  |2 2001 
100 1 |a Morovič, Ján,  |d 1945-  |4 aut  |9 200422 
245 1 0 |a Manažment znalostí a otvorené vzdelávanie  |b celoživotné učenie sa; Učiaca sa organizácia  |c Ján Morovič 
260 |a Ružomberok  |b Verbum  |c [2011] 
300 |a 75 s.  |b grafy, sch.  |c 21 cm 
500 |a Copyright Katolícka univerzita v Ružomberku, Pedagogická fakulta 
504 |a Bibliogr. s. 73-75. Bibliogr. odkazy 
650 0 7 |a znalostný manažment  |2 SNKPH  |9 67859 
650 0 7 |a celoživotné vzdelávanie  |2 SNKPH  |9 28858 
650 0 7 |a otvorené vzdelávanie  |2 SNKPH  |9 652814 
650 0 7 |a Knowledge management  |2 SNKPHeng  |9 266522 
650 0 7 |a Permanent education  |2 SNKPHeng  |9 270154 
655 7 |a štúdie  |2 SNKPH  |9 57033 
655 7 |a Studies  |2 SNKPH  |9 265573 
919 |a 978-80-8084-439-4 
958 |a NB 
958 |a OND 
968 |d 0 
999 |c 1007479  |d 1009409 
952 |a SNK  |b SNK  |y VYP  |7 0  |p 17A0704586  |o snkSC 145871 D1  |i snk2011/14024  |8 0  |0 0  |1 0  |4 0  |d 2011-06-20  |f 1  |l 0  |r 2026-02-24 12:40:47  |w 2026-02-24 
952 |a SNK  |b SNK  |y PREZ  |7 0  |p 17A0704587  |o snkSC 145871  |i snk2011/14023  |8 0  |0 0  |1 0  |4 0  |d 2011-06-20  |l 0  |r 2025-07-15 00:00:00  |w 2026-02-24